Stratégia prechodu na jednotnú menu v rámci Európskej únie. 3

Zavedenie ECU. Legislatívna činnosť. Stratégia komunikovania v procese prechodu na jednotnú menu. Jednotlivé etapy prechodu na európsku menu. Operatívne závery.

Gespeichert in:
Bibliographische Detailangaben
1. Verfasser: Sipko, Juraj
Format: Buchkapitel
Sprache:Slowakisch
Schlagworte:
Tags: Tag hinzufügen
Keine Tags, Fügen Sie das erste Tag hinzu!

MARC

LEADER 00000naa a2200000 4500
001 r021218
005 20230921074124.9
041 0 |a slo 
044 |a SK 
245 1 0 |a Stratégia prechodu na jednotnú menu v rámci Európskej únie. 3  |c J. Sipko 
520 |a Zavedenie ECU. Legislatívna činnosť. Stratégia komunikovania v procese prechodu na jednotnú menu. Jednotlivé etapy prechodu na európsku menu. Operatívne závery. 
610 2 0 |a Európa 
610 2 0 |a Európska únia 
610 2 0 |a únie menové 
610 2 0 |a ECU 
610 2 0 |a únie hospodárske 
610 2 0 |a mena 
610 2 0 |a legislatíva 
610 2 0 |a komunikácia 
610 2 0 |a Zelená kniha 
100 1 |a Sipko, Juraj